Zbierka úloh z vyššej matematiky 1

Bibliographic Details
Main Authors: Holländer, Ivan (Author), Olejník, František, 1949- (Author), Šoltés, Vincent, 1949- (Author)
Format: Book
Language:Slovak
PhysicalDescription:453 s., 26,77 AH sch. 29 cm
Published: Bratislava Alfa 1981
Edition:1. vyd.
Series:Dočasná vysokoškolská učebnica
Subjects:

MARC

LEADER 00000cam a2200000 a 4500
001 vtls001103089
003 SK-MaSNL
005 20260301001313.0
008 240315s1981 xo a e n 00000 slo
015 |a SNBA1981/10 
035 |a SNK000045931 
040 |a SNK  |b slo  |c SNK  |e AACR2 
041 0 |a slo 
044 |a xo  |c SK 
080 |a 51(075.8)  |2 1981 
100 1 |a Holländer, Ivan  |4 aut  |9 279418 
245 1 0 |a Zbierka úloh z vyššej matematiky 1  |c Ivan Holländer, František Olejník, Vincent Šoltés 
250 |a 1. vyd. 
260 |a Bratislava  |b Alfa  |c 1981 
300 |a 453 s., 26,77 AH  |b sch.  |c 29 cm 
366 |e 3500 výt. 
490 1 |a Dočasná vysokoškolská učebnica 
504 |a Bibliogr. 
650 0 7 |a matematika  |2 SNKPH  |9 70174 
655 7 |a zbierky úloh  |2 SNKPH  |9 70562 
655 7 |a učebnice vysokých škôl  |2 SNKPH  |9 70191 
700 1 |a Olejník, František,  |d 1949-  |4 aut  |9 158048 
700 1 |a Šoltés, Vincent,  |d 1949-  |4 aut  |9 85946 
830 0 |a Dočasná vysokoškolská učebnica  |9 279156 
958 |a OND 
958 |a NB 
999 |c 534608  |d 536538 
952 |t P60, <04>, [BOOK], {604}  |a SNK  |b SNK  |y VYP  |7 0  |p 17A0019354  |o snkSB 32444/1 D1  |i snkKSP 8382/81  |0 0  |1 0  |4 0  |d 1996-11-08  |l 0  |r 2004-12-31 00:00:00  |w 2026-02-23 
952 |a SNK  |b SNK  |y PREZ  |7 0  |p 17A0992066  |o snkSB 32444/1  |i snkKSP 8381/81  |0 0  |1 0  |4 0  |d 2012-07-19  |f 1  |l 0  |r 2025-04-07 00:00:00  |w 2026-02-23